000 00645nam a2200241Ia 4500
003 OSt
005 20221007064952.0
006 a|||||r|||| 00| 0
007 ta
008 221006b |||||||| |||| 00| 0 eng d
024 _a18,185
037 _cTextual
040 _aFLL
_cFLL
_beng
041 _2eng
_aeng
082 _aY74471, L5.1
100 _aRussell R.V. Au.
245 0 _aTribes and castes of the central provinces of India
260 _aDelhi
_bRajdhani Book Co. India
_c1975
300 _a426p
_ccm.
490 _vVol.1
942 _hY74471, L5.1
_cTEXL
_2CC
999 _c1135908
_d1135908